Mi Gran Noche - Raphael - Estadísticas

Estadísticas generales
  • Esta prueba ha sido intentada 40 veces
    11 desde el último reinicio
  • La puntuación promedio es 141 de 213
Estadísticas de respuestas
Letra % Correcto
a
100%
al
88%
de
88%
despertar
88%
es
88%
gran
88%
habrá
88%
habra
88%
Hoy
88%
hoy
88%
mi
88%
misterio
88%
no
88%
noche
88%
pasará
88%
pasara
88%
Puede
88%
que
88%
Qué
88%
qué
88%
Que
88%
se
88%
ser
88%
Y
88%
y
88%
Algo
75%
conoce
75%
día
75%
la
75%
por
75%
sabrá
75%
un
75%
vida
75%
ya
75%
el
63%
especial
63%
para
63%
cantar
50%
como
50%
cuando
50%
ella
50%
las
50%
lo
50%
los
50%
luna
50%
luz
50%
nos
50%
otra
50%
Podré
50%
saldré
50%
Sol
50%
una
50%
vivir
50%
amor
38%
besar
38%
calles
38%
da
38%
esconde
38%
está
38%
esta
38%
hice
38%
mejor
38%
mundo
38%
nunca
38%
rumbo
38%
sin
38%
abrazado
25%
abrirá
25%
acerca
25%
bailar
25%
buscar
25%
Caminaré
25%
canción
25%
corazón
25%
del
25%
disfrutando
25%
dulce
25%
en
25%
escuchare
25%
hablar
25%
irán
25%
nuestros
25%
oscuro
25%
pasos
25%
puerta
25%
reír
25%
Será
25%
será
25%
todo
25%
violines
25%
acariciar
13%
Descubriré
13%
olvida
13%
ideal
0%
mal
0%
Olvidaré
0%
penas
0%
tristeza
0%
No se encontraron pruebas coincidentes
Distribución de puntuación
Porcentaje de gente con cada puntuación
Porcentaje por número respondido
Historial de tus puntuaciones
No has intentado esta prueba desde el último reinicio